<?xml version="1.0" encoding="UTF-8"?>
<record
    xmlns:xsi="http://www.w3.org/2001/XMLSchema-instance"
    xsi:schemaLocation="http://www.loc.gov/MARC21/slim http://www.loc.gov/standards/marcxml/schema/MARC21slim.xsd"
    xmlns="http://www.loc.gov/MARC21/slim">

  <leader>01337nam a22002657a 4500</leader>
  <controlfield tag="005">20170124103126.0</controlfield>
  <datafield tag="010" ind1=" " ind2=" ">
    <subfield code="a">B-037460</subfield>
  </datafield>
  <datafield tag="020" ind1=" " ind2=" ">
    <subfield code="c">225.00</subfield>
    <subfield code="a">810283787</subfield>
  </datafield>
  <datafield tag="035" ind1=" " ind2=" ">
    <subfield code="a">B-037460</subfield>
  </datafield>
  <datafield tag="037" ind1=" " ind2=" ">
    <subfield code="b">Cen Lib/Ret</subfield>
  </datafield>
  <datafield tag="040" ind1=" " ind2=" ">
    <subfield code="a">DPL</subfield>
    <subfield code="b">HN</subfield>
  </datafield>
  <datafield tag="082" ind1=" " ind2=" ">
    <subfield code="a">338.954</subfield>
    <subfield code="b">&#x930;&#x902;&#x917;&#x930;&#x93E;</subfield>
  </datafield>
  <datafield tag="100" ind1=" " ind2=" ">
    <subfield code="a">&#x930;&#x902;&#x917;&#x930;&#x93E;&#x91C;&#x928;, &#x91A;&#x915;&#x94D;&#x930;&#x935;&#x930;&#x94D;&#x924;&#x940;</subfield>
    <subfield code="9">44529</subfield>
  </datafield>
  <datafield tag="245" ind1=" " ind2=" ">
    <subfield code="a">&#x92D;&#x93E;&#x930;&#x924; &#x915;&#x940; &#x905;&#x930;&#x94D;&#x925;&#x928;&#x940;&#x924;&#x93F; :</subfield>
    <subfield code="c">&#x91A;&#x915;&#x94D;&#x930;&#x935;&#x930;&#x94D;&#x924;&#x940; &#x930;&#x902;&#x917;&#x930;&#x93E;&#x91C;&#x928; ; &#x905;&#x928;&#x941;&#x935;&#x93E;&#x926;&#x915; &#x905;&#x932;&#x915;&#x93E; &#x92E;&#x941;&#x915;&#x947;&#x936; &#x915;&#x94C;&#x936;&#x93F;&#x915; </subfield>
    <subfield code="b">&#x928;&#x92F;&#x947; &#x906;&#x92F;&#x93E;&#x92E; /</subfield>
  </datafield>
  <datafield tag="246" ind1=" " ind2=" ">
    <subfield code="a">Bharat ki arthniti : naye aayam /</subfield>
    <subfield code="b">by Charkravarti Rangarajan ; anuvadak Alka Mukesh Kaushik</subfield>
  </datafield>
  <datafield tag="260" ind1=" " ind2=" ">
    <subfield code="b">&#x930;&#x93E;&#x91C;&#x92A;&#x932; &#x90F;&#x902;&#x921; &#x938;&#x902;&#x938; </subfield>
    <subfield code="a">&#x926;&#x93F;&#x932;&#x94D;&#x932;&#x940;  </subfield>
    <subfield code="c">2000</subfield>
  </datafield>
  <datafield tag="270" ind1=" " ind2=" ">
    <subfield code="b">&#x926;&#x93F;&#x932;&#x94D;&#x932;&#x940;  </subfield>
    <subfield code="a">&#x915;&#x936;&#x94D;&#x92E;&#x940;&#x930;&#x940; &#x917;&#x947;&#x91F; </subfield>
    <subfield code="e">110006</subfield>
  </datafield>
  <datafield tag="300" ind1=" " ind2=" ">
    <subfield code="a">223&#x92A;&#x943;. </subfield>
    <subfield code="c">21&#x938;&#x947;&#x92E;&#x940;(&#x938;&#x91C;&#x93F;&#x932;&#x94D;&#x926;)</subfield>
  </datafield>
  <datafield tag="650" ind1=" " ind2=" ">
    <subfield code="a">&#x906;&#x930;&#x94D;&#x925;&#x93F;&#x915; &#x938;&#x941;&#x927;&#x93E;&#x930; -- &#x909;&#x928;&#x915;&#x947; &#x92A;&#x94D;&#x930;&#x92D;&#x93E;&#x935; </subfield>
    <subfield code="9">76404</subfield>
  </datafield>
  <datafield tag="650" ind1=" " ind2=" ">
    <subfield code="a">&#x906;&#x930;&#x94D;&#x925;&#x93F;&#x915; &#x92A;&#x94D;&#x930;&#x917;&#x924;&#x93F; -- &#x938;&#x93E;&#x92E;&#x93E;&#x91C;&#x93F;&#x915; &#x935;&#x93F;&#x915;&#x93E;&#x938; </subfield>
    <subfield code="9">50030</subfield>
  </datafield>
  <datafield tag="650" ind1=" " ind2=" ">
    <subfield code="a">Economic reform - their effects</subfield>
    <subfield code="9">83171</subfield>
  </datafield>
  <datafield tag="650" ind1=" " ind2=" ">
    <subfield code="a">Economic development - social development</subfield>
    <subfield code="9">83172</subfield>
  </datafield>
  <datafield tag="700" ind1=" " ind2=" ">
    <subfield code="a">&#x915;&#x94C;&#x936;&#x93F;&#x915;, &#x905;&#x932;&#x915;&#x93E; &#x92E;&#x941;&#x915;&#x947;&#x936; </subfield>
    <subfield code="9">9532</subfield>
  </datafield>
  <datafield tag="942" ind1=" " ind2=" ">
    <subfield code="2">ddc</subfield>
    <subfield code="c">HN</subfield>
    <subfield code="h">338.954</subfield>
    <subfield code="m">&#x930;&#x902;&#x917;&#x930;&#x93E;</subfield>
  </datafield>
  <datafield tag="999" ind1=" " ind2=" ">
    <subfield code="c">119061</subfield>
    <subfield code="d">119061</subfield>
  </datafield>
  <datafield tag="952" ind1=" " ind2=" ">
    <subfield code="0">0</subfield>
    <subfield code="1">0</subfield>
    <subfield code="4">0</subfield>
    <subfield code="7">0</subfield>
    <subfield code="a">L</subfield>
    <subfield code="b">L</subfield>
    <subfield code="d">2015-09-15</subfield>
    <subfield code="e">Cen Lib/Ret</subfield>
    <subfield code="g">225.00</subfield>
    <subfield code="l">2</subfield>
    <subfield code="o">338.954 &#x930;&#x902;&#x917;&#x930;&#x93E;</subfield>
    <subfield code="p">B-037460</subfield>
    <subfield code="r">2024-05-04 00:00:00</subfield>
    <subfield code="s">2024-04-20</subfield>
    <subfield code="t">1</subfield>
    <subfield code="v">225.00</subfield>
    <subfield code="w">2015-09-15</subfield>
    <subfield code="y">HN</subfield>
  </datafield>
</record>
